Utilisation of coconut palm and rubber wood ash as manure (Record no. 47687)

MARC details
000 -LEADER
fixed length control field 00383nam a2200109Ia 4500
100 ## - MAIN ENTRY--AUTHOR NAME
Personal name Tampubolon M
245 #0 - TITLE STATEMENT
Title Utilisation of coconut palm and rubber wood ash as manure
260 ## - PUBLICATION, DISTRIBUTION, ETC. (IMPRINT)
Name of publisher In: Proceedings of the 1980 Workshop, Rubber Research Centre, Tanjung Morawa, Indonesia, pp. 302-316.
500 ## - GENERAL NOTE
General note AGRIS CD 1981-1985
942 ## - ADDED ENTRY ELEMENTS (KOHA)
Koha item type Bibliography RLWO
Holdings
Withdrawn status Lost status Damaged status Not for loan Home library Current library Date acquired Koha item type
      Bibliography RRII Library RRII Library 31/12/2021 Bibliography RLWO